000 00547nam a2200193Ia 4500
003 LDD
008 181029s9999 xx 000 0 und d
020 _a761934898
_c750.00
040 _cLDD
100 _aChand, Vikram K
245 0 _aReinventing public service delivery in India
_cVikram K Chand
260 _aNew Delhi
_bSage
_c2006
300 _a404p.
365 _b750.00
901 _a3646
_b08-01-2007
902 _aUBS7255
_b22-01-2007
_cF
_dUPPAL
_e35
903 _aDiscount-10
_bReqst by : Medury, Uma
942 _2ddc
_cBK
999 _c77159
_d77159